|
|
|
|
| LEADER |
00636nam a22001817a 4500 |
| 020 |
|
|
|a 9788176583738
|
| 082 |
|
|
|a M 398.357 807
|b MKP/V
|
| 100 |
|
|
|a M K Panikkotti
|9 180982
|
| 245 |
|
|
|a Vadakkanpattukalile penkaruthu/
|c by M K Panikkotti
|
| 250 |
|
|
|a 2nd.
|
| 260 |
|
|
|a Thiruvananthapuram:
|b Kerala Bhasha Institue,
|c 2013.
|
| 300 |
|
|
|a 125p.
|
| 650 |
|
|
|a Folksongs Study
|9 180983
|
| 650 |
|
|
|a Folklore
|9 180984
|
| 650 |
|
|
|a Social Sciences
|9 180985
|
| 942 |
|
|
|c BK
|
| 999 |
|
|
|c 143221
|d 143221
|
| 952 |
|
|
|0 0
|1 0
|4 0
|6 M_398_357000000000000_807_MKP_V
|7 0
|9 99457
|a SSUS
|b SSUS
|c STACKS
|d 2019-10-11
|g 70.00
|o M 398.357 807 MKP/V
|p 096655
|r 2019-10-11
|w 2019-10-11
|y BK
|